Sounds Fishy Quiz Stats

 Plays Quiz Updated Apr 26, 2013

Challenge
Share
Tweet
Embed
Score 0/28 Timer 04:00
1 Play Today
% Correct
Bass
89%
Mullet
88.5%
Drum
85.8%
Bonito
85.7%
Wahoo
84.1%
Skate
84.1%
Shiner
83.4%
Grouper
81.6%
Sucker
81.3%
Flounder
80.1%
Perch
80.1%
Tetra
79.3%
Smelt
79.2%
Musky
78.5%
% Correct
Scat
71.6%
Grunt
70.3%
Jack
68.4%
Minnow
68.1%
Shark
67.7%
Pike
66.9%
Ray
66.8%
Barb
65%
Sole
64.3%
Cod
60.3%
Snapper
58.9%
Carp
55.2%
Snook
48.5%
Tuna
24.4%

You're not logged in!

Compare scores with friends on all Sporcle quizzes.
Join for Free
OR
Log In

You Might Also Like...

Show Comments

Extras

Top Quizzes Today


Score Distribution

Your Account Isn't Verified!

In order to create a playlist on Sporcle, you need to verify the email address you used during registration. Go to your Sporcle Settings to finish the process.

Report this User

Report this user for behavior that violates our Community Guidelines.

Details: